Seville Airport Destinations (Seville, Spain) - Statistics

General Stats
  • This quiz has been taken 162 times
    62 since last reset
  • The average score is 67 of 93
Answer Stats
Airline Destination % Correct
Ryanair/Vueling Barcelona
100%
Iberia Madrid
100%
Air France/Vueling Paris (Charles de Gaulle)
98%
Transavia Paris (Orly)
98%
Ryanair/TAP Air Portugal Lisbon
96%
British Airways/easyJet/Vueling London (Gatwick)
93%
Ryanair/Wizz Air London (Luton)
93%
Ryanair London (Stansted)
93%
Lufthansa Munich
93%
easyJet Berlin
91%
Aer Lingus/Ryanair Dublin
91%
Lufthansa Frankfurt
91%
Ryanair Manchester
91%
Ryanair Porto
91%
Iberia/Ryanair/Vueling Valencia
91%
easyJet/Transavia Amsterdam
89%
Volotea/Vueling Bilbao
87%
easyJet/Ryanair Milan (Malpensa)
87%
Austrian Airlines/Ryanair Vienna
87%
Ryanair/Wizz Air Warsaw (Chopin)
87%
Edelweiss Air Zürich
87%
Ryanair Budapest
84%
Royal Air Maroc Casablanca
84%
easyJet/Transavia Lyon
84%
Ryanair Marseille
84%
Ryanair/Vueling/Wizz Air Rome (Fiumicino)
84%
Scandinavian Airlines Stockholm (Arlanda)
84%
Scandinavian Airlines Copenhagen
82%
Ryanair Edinburgh
82%
easyJet Geneva
82%
Ryanair/Vueling Gran Canaria
82%
Turkish Airlines Istanbul
82%
Pegasus Airlines Istanbul (Sabiha Gökçen)
82%
Ryanair Naples
82%
Ryanair Prague
82%
Ryanair/Transavia Toulouse
82%
Ryanair Alicante
80%
easyJet Basel/Mulhouse
80%
Transavia/Volotea Bordeaux
80%
Eurowings Düsseldorf
80%
Ryanair Kraków
80%
Ryanair Marrakesh
80%
Ryanair/Transavia Nantes
80%
Air Europa/Ryanair/Vueling Palma de Mallorca
80%
Ryanair Cologne/Bonn
78%
Air Europa/Ryanair/Vueling Tenerife (North)
78%
Ryanair Tenerife (South)
78%
Aegean Airlines Athens
76%
Ryanair Birmingham
76%
Ryanair/Vueling Ibiza
76%
Ryanair Bari
73%
Wizz Air Bucharest (Otopeni)
73%
Ryanair Turin
73%
Ryanair Bologna
71%
Transavia/Vueling Brussels
71%
Ryanair Catania
71%
Transavia Rotterdam/The Hague
71%
Iberia/Ryanair/Vueling Lanzarote
69%
Ryanair Wrocław
69%
Ryanair/Transavia Eindhoven
67%
Ryanair/Vueling Fuerteventura
67%
Ryanair Tangier
67%
Iberia Funchal
64%
Ryanair Hahn
64%
Ryanair Luxembourg
64%
Ryanair Malta
64%
Iberia Almería
62%
Ryanair Menorca
62%
Transavia Montpellier
62%
Ryanair Pisa
62%
Volotea Santander
62%
Ryanair/Vueling Santiago de Compostela
62%
Volotea/Vueling Asturias
60%
Ryanair Bergamo
60%
Ryanair Cork
58%
Ryanair Rabat
58%
Volotea San Sebastián
58%
Volotea Verona
58%
Ryanair Beauvais
53%
Ryanair Cagliari
53%
Ryanair Charleroi
53%
Ryanair Nuremberg
53%
Ryanair Karlsruhe/Baden-Baden
49%
Iberia Melilla
44%
Ryanair Treviso
44%
Ryanair Weeze
44%
Ryanair Vitoria
42%
Ryanair Billund
40%
Ryanair Tétouan
40%
Ryanair Trieste
40%
Ryanair Trapani
27%
Vueling Essaouira
24%
Ryanair Brive
7%
No matching quizzes found
Score Distribution
Percent of People with Each Score
Percentile by Number Answered
Your Score History
You have not taken this quiz since the last reset